Normal view
MARC view
- مسلمون، ابو سفيان صخر بن حرب75ق.ه-31ه
Entry Topical Term
001 - CONTROL NUMBER
- control field: 17819
003 - CONTROL NUMBER IDENTIFIER
- control field: JO-AjAnu
005 - DATE AND TIME OF LATEST TRANSACTION
- control field: 20230606073136.0
008 - FIXED-LENGTH DATA ELEMENTS
- fixed length control field: 230606|| aca||aabn | a|a d
040 ## - CATALOGING SOURCE
- Original cataloging agency: JO-AjAnu
- Transcribing agency: JO-AjAnu
150 ## - HEADING--TOPICAL TERM
- Topical term or geographic name entry element: مسلمون، ابو سفيان صخر بن حرب75ق.ه-31ه
670 ## - SOURCE DATA FOUND
- Source citation: Work cat.: (JO-AjAnu)9152: الجدع، أحمد, author 17818, أبو سفيان بن حرب من الجاهلية الى الإسلام